Barrington Court Developments Ltd v Barrington Court Residents Association (Record no. 67873)
[ view plain ]
| 000 -LEADER | |
|---|---|
| fixed length control field | 01910cam a2200265 4500 |
| 001 - CONTROL NUMBER | |
| control field | ABS64287 |
| 008 - FIXED-LENGTH DATA ELEMENTS--GENERAL INFORMATION | |
| fixed length control field | 010802n2001 000 0 eng u |
| 035 ## - SYSTEM CONTROL NUMBER | |
| System control number | (Sirsi) u113909 |
| 245 ## - TITLE STATEMENT | |
| Title | Barrington Court Developments Ltd v Barrington Court Residents Association |
| 260 ## - PUBLICATION, DISTRIBUTION, ETC. | |
| Date of publication, distribution, etc. | 2001 |
| 490 ## - SERIES STATEMENT | |
| Series statement | Estates Gazette Law Reports |
| Volume/sequential designation | [2001] 29 EG 128-129(2) |
| 520 ## - SUMMARY, ETC. | |
| Summary, etc. | LT 9 May 2001. The respondent tenant's association X applied to the leasehold valuation tribunal (LVT) under the Landlord and Tenant Act 1985 s19 for various determinations regarding a property. On 31 October 2000 the LVT refused to make an order under the Landlord and Tenant Act 1985 s20C that the costs incurred by the applicant landlord, Barrington Court Developments Y in connection with the LVT proceedings were not to be counted as relevant costs for any service charge payable by the respondent. On 8 December 2000 the LVT refused X's permission to appeal. The LT refused X's application on 8 February 2001. Y applied to the LT for an award of its costs in responding to the unsuccessful application; estimating the total as £6,509.75 plus VAT. X argued the LT did not have jurisdiction to make an order of costs. Decision, the application was allowed in part and costs of £1,500 plus VAT ordered. Copy of decision available on http://www.courtservice.gov.uk/tribunals/lands/decisions/dec-lrx-65-00.htm |
| 590 ## - LOCAL NOTE (RLIN) | |
| Local note | ABS |
| 650 ## - SUBJECT ADDED ENTRY--TOPICAL TERM | |
| Topical term or geographic name entry element | LANDS TRIBUNAL RULES 1996 |
| 650 ## - SUBJECT ADDED ENTRY--TOPICAL TERM | |
| Topical term or geographic name entry element | LANDLORD AND TENANT ACT 1985 S20C |
| 650 ## - SUBJECT ADDED ENTRY--TOPICAL TERM | |
| Topical term or geographic name entry element | LANDS TRIBUNAL |
| 650 ## - SUBJECT ADDED ENTRY--TOPICAL TERM | |
| Topical term or geographic name entry element | SERVICE CHARGES |
| 650 ## - SUBJECT ADDED ENTRY--TOPICAL TERM | |
| Topical term or geographic name entry element | COSTS |
| 650 ## - SUBJECT ADDED ENTRY--TOPICAL TERM | |
| Topical term or geographic name entry element | JURISDICTION |
| 650 ## - SUBJECT ADDED ENTRY--TOPICAL TERM | |
| Topical term or geographic name entry element | LEASEHOLD VALUATION TRIBUNAL |
| 650 ## - SUBJECT ADDED ENTRY--TOPICAL TERM | |
| Topical term or geographic name entry element | BARRINGTON COURT DEVELOPMENTS LTD V BARRINGTON COURT RESIDENTS ASSOCIATION |
| 690 ## - LOCAL SUBJECT ADDED ENTRY--TOPICAL TERM (OCLC, RLIN) | |
| Topical term or geographic name as entry element | LANDLORD AND TENANT-RESIDENTIAL TENANCIES-CASE LAW |
| 856 ## - ELECTRONIC LOCATION AND ACCESS | |
| Uniform Resource Identifier | <a href="https://www.courtservice.gov.uk/tribunals/lands/decisions/dec-lrx-65-00.htm">https://www.courtservice.gov.uk/tribunals/lands/decisions/dec-lrx-65-00.htm</a> |
| 942 ## - ADDED ENTRY ELEMENTS (KOHA) | |
| Suppress in OPAC | 0 |
| Withdrawn status | Lost status | Source of classification or shelving scheme | Damaged status | Not for loan | Home library | Current library | Shelving location | Date acquired | Total Checkouts | Full call number | Barcode | Date last seen | Copy number | Price effective from | Koha item type |
|---|---|---|---|---|---|---|---|---|---|---|---|---|---|---|---|
| Dewey Decimal Classification | London | London | Journal article | 02/08/2001 | ABS64287 | 113909-1001 | 06/08/2019 | 1 | 06/08/2019 | Law report |